<?xml version="1.0" encoding="UTF-8"?><?xml-stylesheet type="text/xsl" href="static/style.xsl"?><OAI-PMH xmlns="http://www.openarchives.org/OAI/2.0/" xmlns:xsi="http://www.w3.org/2001/XMLSchema-instance" xsi:schemaLocation="http://www.openarchives.org/OAI/2.0/ http://www.openarchives.org/OAI/2.0/OAI-PMH.xsd"><responseDate>2026-04-29T19:34:49Z</responseDate><request verb="GetRecord" identifier="oai:repisalud.isciii.es:20.500.12105/22685" metadataPrefix="marc">https://repisalud.isciii.es/rest/oai/request</request><GetRecord><record><header><identifier>oai:repisalud.isciii.es:20.500.12105/22685</identifier><datestamp>2024-11-28T21:33:06Z</datestamp><setSpec>com_20.500.12105_15322</setSpec><setSpec>com_20.500.12105_2051</setSpec><setSpec>col_20.500.12105_16967</setSpec></header><metadata><record xmlns="http://www.loc.gov/MARC21/slim" xmlns:dcterms="http://purl.org/dc/terms/" xmlns:doc="http://www.lyncode.com/xoai" xmlns:xsi="http://www.w3.org/2001/XMLSchema-instance" xsi:schemaLocation="http://www.loc.gov/MARC21/slim http://www.loc.gov/standards/marcxml/schema/MARC21slim.xsd">
   <leader>00925njm 22002777a 4500</leader>
   <datafield ind2=" " ind1=" " tag="042">
      <subfield code="a">dc</subfield>
   </datafield>
   <datafield ind2=" " ind1=" " tag="720">
      <subfield code="a">Torrens, Isabel</subfield>
      <subfield code="e">author</subfield>
   </datafield>
   <datafield ind2=" " ind1=" " tag="720">
      <subfield code="a">Arguelles-Vazquez, Rosmary</subfield>
      <subfield code="e">author</subfield>
   </datafield>
   <datafield ind2=" " ind1=" " tag="720">
      <subfield code="a">Lorente Montalvo, Patricia</subfield>
      <subfield code="e">author</subfield>
   </datafield>
   <datafield ind2=" " ind1=" " tag="720">
      <subfield code="a">Molero-Alfonso, Carlos</subfield>
      <subfield code="e">author</subfield>
   </datafield>
   <datafield ind2=" " ind1=" " tag="720">
      <subfield code="a">Esteva, Magdalena</subfield>
      <subfield code="e">author</subfield>
   </datafield>
   <datafield ind2=" " ind1=" " tag="260">
      <subfield code="c">2019-12</subfield>
   </datafield>
   <datafield ind2=" " ind1=" " tag="520">
      <subfield code="a">Objectives: To estimate insomnia prevalence as well as habits comorbidity, sleep quality of insomnia patients. Design: Cross sectional descriptive study. Setting: Calvia health center (Majorca, Spain). Participants: We included subjects registered in a Health Center (> 2 years) of 18-80 years old. Methods: Firstly, they were interviewed by telephone in order to identify persons with insomnia using the Insomnia Severity Index. Afterward, subjects with insomnia were interviewed in the health center in order to collect the data. Results: From a simple of 1,563 persons, we contacted 591 and 467 participated. Insomnia prevalence was 21.1% (IC 95% 17.38-25.01) and 6.9% (IC 95% 4.45-9.25) clinical insomnia. It was significantly more frequent in women, widow, divorced, retired and unemployed. Two in three presented obesity or overweight, 37% chronic pain, 21.1% depression and 37.9% anxiety. Half of the patients with insomnia referred a negative impact on daily activities and difficulties to maintain enthusiasm. Moreover, 41.1% declared to take pharmacological treatment for sleep usually. The more common therapeutic measures for insomnia were sleep hygiene and benzodiazepines; while cognitive-behavioral therapies were rarely used. Conclusions: The prevalence of insomnia in our health area is similar to those described in population based studies. The presence of some prejudicial habits for sleep quality as well as comorbidities could facilitate insomnia to become a chronic illness. Then, management of insomnia should be considered in a patient more general context. Pharmacological treatment is still in the first line and effective non pharmacological treatment is still a rare option.</subfield>
   </datafield>
   <datafield ind1="8" ind2=" " tag="024">
      <subfield code="a">Torrens I, Arguelles-Vazquez R, Lorente-Montalvo P, Molero-Alfonso C, Esteva M. Prevalence of insomnia and characteristic of patients with insomnia in a health area of Majorca (Spain). Aten Prim. 2019 Dec;51(10):617-25. Epub 2019 Mar 8.</subfield>
   </datafield>
   <datafield ind1="8" ind2=" " tag="024">
      <subfield code="a">10.1016/j.aprim.2018.02.014</subfield>
   </datafield>
   <datafield ind1="8" ind2=" " tag="024">
      <subfield code="a">1578-1275</subfield>
   </datafield>
   <datafield ind1="8" ind2=" " tag="024">
      <subfield code="a">0212-6567</subfield>
   </datafield>
   <datafield ind1="8" ind2=" " tag="024">
      <subfield code="a">Atencion Primaria</subfield>
   </datafield>
   <datafield ind1="8" ind2=" " tag="024">
      <subfield code="a">http://hdl.handle.net/20.500.13003/17256</subfield>
   </datafield>
   <datafield ind1="8" ind2=" " tag="024">
      <subfield code="a">30857912</subfield>
   </datafield>
   <datafield ind1="8" ind2=" " tag="024">
      <subfield code="a">L2001669034</subfield>
   </datafield>
   <datafield ind1="8" ind2=" " tag="024">
      <subfield code="a">2-s2.0-85062645686</subfield>
   </datafield>
   <datafield ind1="8" ind2=" " tag="024">
      <subfield code="a">https://hdl.handle.net/20.500.12105/22685</subfield>
   </datafield>
   <datafield ind1="8" ind2=" " tag="024">
      <subfield code="a">500262700005</subfield>
   </datafield>
   <datafield tag="653" ind2=" " ind1=" ">
      <subfield code="a">Insomnia</subfield>
   </datafield>
   <datafield tag="653" ind2=" " ind1=" ">
      <subfield code="a">Prevalence</subfield>
   </datafield>
   <datafield tag="653" ind2=" " ind1=" ">
      <subfield code="a">Primary care</subfield>
   </datafield>
   <datafield ind2="0" ind1="0" tag="245">
      <subfield code="a">Prevalence of insomnia and characteristic of patients with insomnia in a health area of Majorca (Spain)</subfield>
   </datafield>
</record></metadata></record></GetRecord></OAI-PMH>